National actions to implement lifelong learning in Europe

Salvato in:
Dettagli Bibliografici
Natura: Libro
Lingua:inglese
Pubblicazione: Brussels EURYDICE/Directorate-General for Education and Culture 2001
Serie:Survey 3
Soggetti:
Tags: Aggiungi Tag
Nessun Tag, puoi essere il primo ad aggiungerne!!

MARC

LEADER 00000nam a2200000 4500
001 c128841
005 20221124105313.9
020 |a 2-87116-322-7 
041 0 |a eng 
044 |a BE 
245 1 0 |a National actions to implement lifelong learning in Europe 
264 1 |a Brussels  |b EURYDICE/Directorate-General for Education and Culture  |c 2001 
300 |a 151 s. 
490 1 |a Survey  |v 3 
830 0 |a Survey  |v 3 
610 2 0 |a vzdelávanie 
610 2 0 |a vzdelávanie permanentné 
610 2 0 |a Európska únia 
610 2 0 |a zručnosti 
610 2 0 |a zdroje ľudské 
610 2 0 |a vedomosti 
610 2 0 |a vzdelávanie ďalšie 
610 2 0 |a Európa